000 01487cam a22002893a 4500
001 27250
003 PGUSA
005 20140828083605.0
008 081113s2008||||xxu|||||s|||||000 | eng d
040 _aPGUSA
_beng
042 _adc
050 4 _aE151
100 1 _aChesterton, G. K.
_q(Gilbert Keith),
_d1874-1936
245 1 0 _aWhat I Saw in America
_h[electronic resource] /
_cG. K. Chesterton
260 _bProject Gutenberg,
_c2008
505 0 _aWhat is America? -- A meditation in a New York hotel -- A meditation in Broadway -- Irish and other interviewers -- Some American cities -- In the American country -- The American business man -- Presidents and problems -- Prohibition in fact and fancy -- Fads and public opinion -- The extraordinary American -- The Republican in the ruins -- Is the Atlantic narrowing? -- Lincoln and lost causes -- Wells and the world state -- A new Martin Chuzzlewit -- The spirit of America -- The spirit of England -- The future of democracy.
506 _aPublic domain in the USA.
516 _aElectronic text
653 _aChesterton, G. K. (Gilbert Keith), 1874-1936 -- Travel -- United States
653 _aUnited States -- Civilization -- 1918-1945
653 _aNational characteristics, American
653 _aUnited States -- Social life and customs -- 1918-1945
653 _aUnited States -- Description and travel
830 0 _aProject Gutenberg
_v27250
856 4 0 _uhttp://www.gutenberg.org/ebooks/27250
942 _cEB
999 _c256505
_d256505